Bez pečenia a alkoholu sviatky nebudú
Koniec roka neznamená hody len pre spotrebiteľov, ale aj pre obchodníkov. Nech je ekonomická situácia obyvateľov akákoľvek, Vianoce a Silvester sú príležitosti, kedy sa nešetrí a spotrebiteľ si vždy dopraje. Aj preto je pre obchodníkov dôležité, aby poznali aktuálne trendy a zásobili sa v dostatočno...
Saved in:
| Main Author: | |
|---|---|
| Format: | Book Chapter |
| Language: | Slovak |
| Subjects: | |
| Tags: |
No Tags, Be the first to tag this record!
|
MARC
| LEADER | 00000naa a2200000 4500 | ||
|---|---|---|---|
| 001 | 0304976 | ||
| 005 | 20241107123728.6 | ||
| 041 | 0 | |a slo | |
| 044 | |a CZ | ||
| 245 | 1 | 0 | |a Bez pečenia a alkoholu sviatky nebudú |c Peter Kapitán |
| 520 | |a Koniec roka neznamená hody len pre spotrebiteľov, ale aj pre obchodníkov. Nech je ekonomická situácia obyvateľov akákoľvek, Vianoce a Silvester sú príležitosti, kedy sa nešetrí a spotrebiteľ si vždy dopraje. Aj preto je pre obchodníkov dôležité, aby poznali aktuálne trendy a zásobili sa v dostatočnom predstihu. Navyše, záver roka je príležitosťou na to, aby využili akýkoľvek spôsob, ako spotrebiteľa presvedčiť, že chce nakupovať. Práve v tomto období je totiž najväčšia šanca, že uspejú. | ||
| 610 | 2 | 0 | |a sviatok štátny |
| 610 | 2 | 0 | |a nápoje alkoholické |
| 610 | 2 | 0 | |a pekárenstvo |
| 610 | 2 | 0 | |a správanie spotrebiteľa |
| 610 | 2 | 0 | |a preferencie spotrebiteľské |
| 610 | 2 | 0 | |a kvalita tovaru |
| 100 | 1 | |a Kapitán, Peter | |